000 00455nam a2200181Ia 4500
003 0STCL
008 150530s9999 xx 000 0 und d
040 _aSTCL
_cSTCL
100 _aSrinivasan, M.R.;Anantha Krishnan
245 _aIndian Ksheerolpannangal
250 _a1
260 _bState insitute of languages; Trivandrum
_c1974
_aTrivandrum
300 _a0
546 _aMalayalam
942 _2ddc
_cBK
999 _c17902
_d17902
005 20220125165817.0